Rediseño del servicio de acompañamiento y aprobación de investigaciones en la Unidad de Proyectos de la Vicerrectoría de Investigación
Enregistré dans:
| Auteur principal: | |
|---|---|
| Autres auteurs: | , , |
| Format: | Livre |
| Langue: | Undetermined |
| Publié: |
[San José, Costa Rica]
2023
|
| Sujets: | |
| Tags: |
Ajouter un tag
Pas de tags, Soyez le premier à ajouter un tag!
|
MARC
| LEADER | 00000nam a2200000Ia 4500 | ||
|---|---|---|---|
| 003 | 013834 | ||
| 005 | 20240402114722.0 | ||
| 008 | 140114s9999 xx 000 0 und d | ||
| 040 | |c cru CEDI | ||
| 100 | |a Amón Corella, Isaac, 1996- |9 2820 | ||
| 245 | |a Rediseño del servicio de acompañamiento y aprobación de investigaciones en la Unidad de Proyectos de la Vicerrectoría de Investigación | ||
| 260 | |a [San José, Costa Rica] |c 2023 | ||
| 500 | |a Proyecto de graduación (licenciatura en ingeniería industrial)--Universidad de Costa Rica. Facultad de Ingeniería. Escuela de Ingeniería Industrial | ||
| 501 | |a Directora de Proyecto de Graduación: MII. Patricia Ramírez Barrantes | ||
| 650 | |x PRESTACION DE SERVICIOS |x ADMINISTRACION DE PROYECTOS |x EVALUACION DE PROYECTOS |x SISTEMAS DE INFORMACION |x GESTION ADMINISTRATIVA |x PROYECTOS DE DESARROLLO |x TOMA DE DECISIONES - METODOLOGIA |x MEJORAMIENTO DE PROCESOS | ||
| 700 | |a Ramírez Zumbado, Tamara, 1998- |9 2821 | ||
| 700 | |a Solano Schumann, Tamara, 1996- |9 2822 | ||
| 700 | |a Ramírez Barrantes, Patricia, 1962- |d Directora del TFG |9 1264 | ||
| 942 | |c TFG |h TFG 8975 |i 013834 |6 TFG_8975_013834000000000 | ||
| 999 | |c 13155 |d 13155 | ||
